| 000 | 00725cam8a220024100 4500 | ||
|---|---|---|---|
| 001 | qce00834227 | ||
| 005 | 20190830095826.0 | ||
| 008 | 730308s1966 nyu 000 0 eng u | ||
| 010 | _asa 67005934 | ||
| 035 | _a(Sirsi) r45663 | ||
| 035 | _a(QCAT)lss00395511 | ||
| 035 | _a(UPRA)qce00834227 | ||
| 040 | _dUPRA | ||
| 100 | 1 |
_aMukherjee, Ajit Kumar. _6A3431.1 |
|
| 245 | 1 | 0 | _aLibrarianship, its philosophy and history. |
| 260 |
_aBombay, New York : _bAsia Pub. House, _c[1966] |
||
| 504 | _aBibliography p. 213-216. | ||
| 650 | 0 |
_aLibrary science. _6S2537.1 |
|
| 650 | 0 |
_aLibraries -- History. _xLibraries -- History. _6S2541.1 |
|
| 949 |
_aZ665 _wlcc _mMAIN _tBOOK _lON-SHELF |
||
| 004 | 45663 | ||
| 987 | _aWITHDRAWN. | ||
| 999 |
_c181072 _d181072 |
||